| 000 | 00779nam a22002057a 4500 | ||
|---|---|---|---|
| 999 |
_c12071 _d12071 |
||
| 003 | AR-CdUCM | ||
| 008 | 190405b ||||| |||| 00| 0 spa d | ||
| 040 |
_aMUNICIPALIDAD PROVINCIAL DEL CUSCO _cBIBLIOTECA MUNICIPAL DEL CUSCO |
||
| 082 |
_a261 / _bT82 / 1924 |
||
| 100 |
_aTito Trocchi, Mons _929743 |
||
| 245 | _aLa acción religiosa social y política Pio XI / | ||
| 260 |
_aLa Paz, _bSalesiana, _c1924. |
||
| 300 |
_a590 páginas ; _c26 cm. |
||
| 505 | _aContenido : Prologo necesario -- La acción religiosa social y política Pio XI -- Los caminos de la providencia conducen al sumo pontificado al sacerdote Aquiles Ratti ... | ||
| 650 |
_aReligiosidad _93962 |
||
| 650 |
_aSocial _92020 |
||
| 650 |
_aPolitica _9291 |
||
| 942 |
_2ddc _cLIBROS |
||
| 945 |
_arah _d05/04/2019 |
||